<?xml version="1.0" encoding="UTF-8"?><?xml-stylesheet type="text/xsl" href="static/style.xsl"?><OAI-PMH xmlns="http://www.openarchives.org/OAI/2.0/" xmlns:xsi="http://www.w3.org/2001/XMLSchema-instance" xsi:schemaLocation="http://www.openarchives.org/OAI/2.0/ http://www.openarchives.org/OAI/2.0/OAI-PMH.xsd"><responseDate>2026-06-01T06:03:16Z</responseDate><request verb="GetRecord" identifier="oai:riuma.uma.es:10630/29792" metadataPrefix="marc">https://riuma.uma.es/rest/oai/request</request><GetRecord><record><header><identifier>oai:riuma.uma.es:10630/29792</identifier><datestamp>2026-02-03T10:56:59Z</datestamp><setSpec>com_10630_2254</setSpec><setSpec>col_10630_37953</setSpec></header><metadata><record xmlns="http://www.loc.gov/MARC21/slim" xmlns:dcterms="http://purl.org/dc/terms/" xmlns:doc="http://www.lyncode.com/xoai" xmlns:xsi="http://www.w3.org/2001/XMLSchema-instance" xsi:schemaLocation="http://www.loc.gov/MARC21/slim http://www.loc.gov/standards/marcxml/schema/MARC21slim.xsd">
   <leader>00925njm 22002777a 4500</leader>
   <datafield ind2=" " ind1=" " tag="042">
      <subfield code="a">dc</subfield>
   </datafield>
   <datafield ind2=" " ind1=" " tag="720">
      <subfield code="a">Carrasco-Santos, María Jesús</subfield>
      <subfield code="e">author</subfield>
   </datafield>
   <datafield ind2=" " ind1=" " tag="720">
      <subfield code="a">Cristófol-Rodríguez, María del Carmen</subfield>
      <subfield code="e">author</subfield>
   </datafield>
   <datafield ind2=" " ind1=" " tag="720">
      <subfield code="a">Royo-Rodríguez, Eva</subfield>
      <subfield code="e">author</subfield>
   </datafield>
   <datafield ind2=" " ind1=" " tag="260">
      <subfield code="c">2020-05-27</subfield>
   </datafield>
   <datafield ind2=" " ind1=" " tag="520">
      <subfield code="a">There are far more women than men who hold higher qualifications in tourism, but nevertheless, inequalities still prevail on executive committees in the tourism industry. Society nowadays is aware that gender inequality in terms of women’s rights and opportunities has always existed. Such problems are reflected in religious doctrines, cultural habits, and outdated ways of thinking in which women are viewed as being first and foremost careers. This attitude is also reflected in the workplace. Methodology: Hakim’s (1992) methodology has been used to classify occupations, and female-dominated, male-dominated and integrated occupations can be used, studying data published by the most important hotel chains in Spain. Objectives: since women joined the labor market, females have been employed in significant numbers in the tourism sector. The objective of this work is to study in depth what number of women are in the boardrooms of large hotel chains in Spain, collecting data from the top five hotel chains, as this important phenomenon must be researched. The most salient results are: a high number of women work in the hotels subsector and gender equality has not yet been achieved at higher echelons, since senior management positions are dominated by males. Hence, the aim of this paper is, having carried out a thorough and extensive evaluation, to empirically determine the state of play for females in this industry today and to put forward further improvements which women, the government, hotels and society should jointly strive to achieve. In the conclusion, the initial hypothesis is confirmed.</subfield>
   </datafield>
   <datafield ind1="8" ind2=" " tag="024">
      <subfield code="a">Carrasco-Santos MJ, Cristófol Rodríguez C, Royo Rodríguez E. Why Is the Spanish Hotel Trade Lagging So Far Behind in Gender Equality? A Sustainability Question. Sustainability. 2020; 12(11):4423. doi.org/10.3390/su12114423</subfield>
   </datafield>
   <datafield ind1="8" ind2=" " tag="024">
      <subfield code="a">https://hdl.handle.net/10630/29792</subfield>
   </datafield>
   <datafield ind1="8" ind2=" " tag="024">
      <subfield code="a">https://doi.org/10.3390/su12114423</subfield>
   </datafield>
   <datafield tag="653" ind2=" " ind1=" ">
      <subfield code="a">Turismo - Personal</subfield>
   </datafield>
   <datafield tag="653" ind2=" " ind1=" ">
      <subfield code="a">División sexual del trabajo</subfield>
   </datafield>
   <datafield tag="653" ind2=" " ind1=" ">
      <subfield code="a">Turismo - Orientación profesional</subfield>
   </datafield>
   <datafield ind2="0" ind1="0" tag="245">
      <subfield code="a">Why Is the spanish hotel trade lagging so far behind in gender equality? a sustainability question</subfield>
   </datafield>
</record>
</metadata></record></GetRecord></OAI-PMH>